000 00621nam a2200145Ia 4500
005 20260209120127.0
008 260209s9999||||xx |||||||||||||| ||und||
100 _aG. Hariharabalan
245 0 _aField trials, genetically modified food crops consumerism
260 _aBangaloreBangalore
_bNLSIU
_c2010
300 _a84 p. ; 25 cm.
650 _a Genetically Modifioed Crops- Legal Mechanism - India Bio-Technology and Genetic Engineering Consumerism - Genetically Modifioed Crops
700 _aProf. (Dr.) Ashok R Patil - GuideProf. (Dr.) Ashok R Patil - Guide
856 _uhttps://dans.nls.ac.in/handle/123456789/2016
999 _c216917
_d216917